TEXT book on Practical Chemistry (Record no. 4289)

MARC details
000 -LEADER
fixed length control field 00400nam a2200157Ia 4500
008 - FIXED-LENGTH DATA ELEMENTS--GENERAL INFORMATION
fixed length control field 230312s9999||||xx |||||||||||||| ||und||
020 ## - INTERNATIONAL STANDARD BOOK NUMBER
International Standard Book Number 8173815925
082 ## - DEWEY DECIMAL CLASSIFICATION NUMBER
Classification number 540
Item number MUH-P
100 ## - MAIN ENTRY--PERSONAL NAME
Personal name Mukher jee ,SK
245 #0 - TITLE STATEMENT
Title TEXT book on Practical Chemistry
260 ## - PUBLICATION, DISTRIBUTION, ETC.
Name of publisher, distributor, etc. New Centeral book agency
Place of publication, distribution, etc. India
Date of publication, distribution, etc. 2009
300 ## - PHYSICAL DESCRIPTION
Extent 338
546 ## - LANGUAGE NOTE
Language note Eng.
650 ## - SUBJECT ADDED ENTRY--TOPICAL TERM
Topical term or geographic name entry element Pharmacy
Form subdivision Practical Chemistry
942 ## - ADDED ENTRY ELEMENTS (KOHA)
Koha item type BOOK
Holdings
Withdrawn status Lost status Source of classification or shelving scheme Damaged status Not for loan Home library Current library Date acquired Total Checkouts Full call number Barcode Date last seen Price effective from Koha item type
    Dewey Decimal Classification     Superior Information Resource Center (SIRC) Superior University- Central Library Superior Information Resource Center (SIRC) Superior University- Central Library 03/13/2023   540 MUH-P 4314 03/13/2023 03/13/2023 BOOK

Powered by Koha